000 00403nam a2200181Ia 4500
005 20250425161345.0
008 250425s9999 xx 000 0 und d
041 _aspa
082 _a510
245 0 _aMATEMATICAS BASICAS 1995
250 _a1A ED.
260 _aEcuador
_bESPOL
_c1995
260 _aGUAYAQUIL
300 _a261
650 _aMATEMATICAS BASICAS
942 _c01
010 _a18473
999 _c207602
_d207602